000 00740cab a2200241 4500
001 WB3420-16
008 090401t1998 xxu||||| |||| 00| 0 eng d
035 _a(Sirsi) u86408
041 _aeng
245 _aEuro alert
260 _c1998
350 _a0
490 _aBuilding
_v258(8040) 22 May 1998, 16(1)
520 _aA campaign to emphasis the impact of the euro on small and medium sized contractors, looking especially at information technology, is to be launched by the Construction Confederation.
650 _aCONSTRUCTION COMPANIES
650 _aCONTRACTORS
650 _aCURRENCY CONVERSION
650 _aEURO
650 _aSINGLE CURRENCY
690 _aEUROPE-SINGLE MARKET
942 _n0
948 _c27/05/1998
999 _c54376
_d54376